000 00577nam a2200193Ia 4500
005 20250508164946.0
008 008 250505s9999 xx 000 0 eng d
037 _aDissertations
040 _aFEDL
_beng
_cFEDL
041 _aeng
_2eng
084 _a370, POO/DI
_qFEDL
100 _aPooja
245 0 _aFrom being a person to a teacher: An exploration of self development workshops in B.El.Ed programme
260 _c2010
300 _a94p.
546 _aM. Ed. Dissertation (Delhi University)
942 _cDIS
_h370, POO/DI
999 _c1392283
_d1392283